| 000 | 01684nam0a2200337 4500 | ||
|---|---|---|---|
| 001 | RU\NLR\BIBL_A\016240028 | ||
| 005 | 20250625005531.0 | ||
| 035 | _a(NLR Aleph) 016240028 | ||
| 090 |
_a12794402 _c12794402 |
||
| 100 | _a20221216d1960 |||y0rusy50 ca | ||
| 101 | 0 | _aukr | |
| 102 | _aRU | ||
| 105 | _ay a 000zb | ||
| 181 | 0 |
_ai4 _baxxe |
|
| 182 | 0 | _an | |
| 200 | 1 |
_aАвтобусобудiвник Аркадiй Дмитрович Усков _eрекомендацiйний анотований список лiтератури _fЛьвiвське обласне управлiння культури, Львiвська державна обласна бiблiотека iм. Я. Галана _gредактор: Ю. М. Грайданс |
|
| 203 |
_aТекст _bвизуальный _cнепосредственный |
||
| 210 |
_aЛьвiв _c[б. и.] _d1960 |
||
| 215 |
_a11 с. _d15 |
||
| 225 | 1 | _aПередовики промисловостi Львiвщини | |
| 300 | _aНа обороте тит. с. загл. рус.: Автобусостроитель Аркадий Дмитриевич Усков | ||
| 517 | 1 |
_aАркадiй Дмитрович Усков _zukr |
|
| 517 | 1 |
_aАвтобусостроитель Аркадий Дмитриевич Усков _zrus |
|
| 702 | 1 |
_aУсков _bА. Д. _gАркадiй Дмитрович _4280 |
|
| 702 | 1 |
_aГрайданс _bЮ. М. _4340 |
|
| 712 | 0 | 2 |
_4570 _7ca _8ukr _aЛьвiвська державна обласна бiблiотека iм. Я. Галана _9790726 _3RU\NLR\AUTH\880561778 |
| 852 |
_aNLR _j641/У-75 |
||
| 942 | _cBOOK | ||
| 980 | _aNB | ||